| 000 | 00358nam a2200121Ia 4500 | ||
|---|---|---|---|
| 008 | 200903s9999 xx 000 0 und d | ||
| 020 | _a978-981-3156-78-4 | ||
| 100 | _aSobecki, Dave | ||
| 245 |
_cDave Sobecki _aMath in our world/ |
||
| 260 |
_aNY: _bMcGraw Hill Education _c2019 |
||
| 300 |
_axxvi, 841 pages _c27 cm. |
||
| 650 | _aNursing -- study and teaching | ||
| 999 |
_c364058 _d364058 |
||